[Event "Chioggia op-A 02nd"]
[Site "Chioggia"]
[Date "2007.05.20"]
[Round "4"]
[White "Alviti, Claudio"]
[Black "Boscolo, Marco"]
[Result "0-1"]
[WhiteElo "1960"]
[BlackElo "2040"]
[PlyCount "74"]
[EventDate "2007.05.18"]
[EventType "swiss"]
[EventRounds "5"]
[EventCountry "ITA"]
[SourceTitle "EXT 2022"]
[Source "ChessBase"]
[SourceDate "2021.10.06"]
[SourceVersion "1"]
[SourceVersionDate "2021.10.06"]
[SourceQuality "1"]

1. d4 e6 2. e4 d5 3. e5 c5 4. Nf3 Nc6 5. Bd3 cxd4 6. 0-0 Qc7 7. Re1 Bd7 8. Bf4 f6 9. Bg3 f5 10. Bxf5 Nh6 11. Bd3 0-0-0 12. c3 Qb6 13. cxd4 Nxd4 14. Nc3 Nxf3+ 15. Qxf3 Bc6 16. Rec1 Kb8 17. Qe2 Nf7 18. a4 a5 19. Kh1 h5 20. f4 Bc5 21. Bh4 Rdf8 22. f5 Nh6 23. fxe6 g5 24. Bxg5 Ng4 25. h3 Rf2 26. Qe1 Rxb2 27. Be2 Bf2 28. Qf1 Qd4 29. Bf6 Rh6 30. Nd1 Rxe2 31. Nxf2 Rxf2 32. Qg1 Nxf6 33. exf6 Rhxf6 34. Qe1 Qe4 35. Qg1 d4 36. Re1 Qxg2+ 37. Qxg2 Rxg2 0-1

[Event "Padova op-A 5th"]
[Site "Padova"]
[Date "2002.12.22"]
[Round "6.16"]
[White "Alviti, Claudio"]
[Black "Rigo, Gianfrancesco"]
[Result "0-1"]
[WhiteElo "1500"]
[BlackElo "1900"]
[PlyCount "93"]
[EventDate "2002.12.14"]
[EventType "swiss"]
[EventRounds "6"]
[EventCountry "ITA"]
[SourceTitle "EXT 2023"]
[Source "ChessBase"]
[SourceDate "2022.10.05"]
[SourceVersion "1"]
[SourceVersionDate "2022.10.05"]
[SourceQuality "1"]

1. e4 e6 2. d4 d5 3. exd5 exd5 4. Bd3 Bd6 5. Nf3 Bg4 6. 0-0 Ne7 7. Be3 Nd7 8. Nbd2 Nf6 9. c3 Qd7 10. Qc2 Bf5 11. Rfe1 Bxd3 12. Qxd3 0-0 13. Bg5 Qf5 14. Qxf5 Nxf5 15. Bxf6 gxf6 16. Re2 Rfe8 17. Rae1 Kf8 18. Rxe8+ Rxe8 19. Rxe8+ Kxe8 20. g3 Kd7 21. b4 Bf8 22. Kf1 Nd6 23. Ke2 Nb5 24. Kd3 Na3 25. Nb3 b6 26. Nfd2 Kc6 27. Ke2 Kb5 28. Kd3 a5 29. bxa5 bxa5 30. f3 a4 31. Na1 Bd6 32. Nc2 Nxc2 33. Kxc2 h5 34. Nf1 f5 35. f4 c5 36. Ne3 cxd4 37. Nxf5 Bc5 38. cxd4 Bb6 39. Nd6+ Kc6 40. Nxf7 Bxd4 41. h3 Kd7 42. Kd3 Bf6 43. g4 hxg4 44. hxg4 Ke6 45. g5 Bg7 46. Nh6 Bb2 47. Ke2 0-1